¿De quién es el tema? (Rock Argentino) - Estadísticas

Estadísticas generales
  • Esta prueba ha sido intentada 1.221 veces
  • La puntuación promedio es 26 de 36
Estadísticas de respuestas
Pregunta Azulejo Select % Correcto
CHARLY GARCÍA (NO de Spinetta) Muchacha (ojos de papel) No
90%
CHARLY GARCÍA (NO de Spinetta) Bajan No
89%
CHARLY GARCÍA (NO de Spinetta) Seminare
87%
CHARLY GARCÍA (NO de Spinetta) Todas las hojas son del viento No
87%
SODA STEREO (NO de Virus) Una luna de miel en la mano No
87%
SODA STEREO (NO de Virus) Me puedo programar No
86%
SODA STEREO (NO de Virus) Pronta entrega No
86%
SODA STEREO (NO de Virus) Amor descartable No
84%
CHARLY GARCÍA (NO de Spinetta) Blues de Cris No
83%
CHARLY GARCÍA (NO de Spinetta) Me gusta ese tajo No
83%
Patricio Rey y sus Redonditos de Ricota (NO de Sumo) La rubia tarada No
82%
SODA STEREO (NO de Virus) Nada Personal
81%
Patricio Rey y sus Redonditos de Ricota (NO de Sumo) No tan distintos No
81%
SODA STEREO (NO de Virus) Imágenes Paganas No
80%
Patricio Rey y sus Redonditos de Ricota (NO de Sumo) Lo quiero ya No
79%
Patricio Rey y sus Redonditos de Ricota (NO de Sumo) Los viejos vinagres No
79%
Patricio Rey y sus Redonditos de Ricota (NO de Sumo) Mejor no hablar de ciertas cosas No
79%
Patricio Rey y sus Redonditos de Ricota (NO de Sumo) Que me pisen No
79%
CHARLY GARCÍA (NO de Spinetta) Rutas Argentinas No
77%
SODA STEREO (NO de Virus) Sobredosis de TV
75%
SODA STEREO (NO de Virus) Juego de seducción
74%
Patricio Rey y sus Redonditos de Ricota (NO de Sumo) Masacre en el puticlub
73%
Patricio Rey y sus Redonditos de Ricota (NO de Sumo) Semen-Up
73%
SODA STEREO (NO de Virus) Te hacen falta vitaminas
72%
Patricio Rey y sus Redonditos de Ricota (NO de Sumo) Motor Psico
67%
SODA STEREO (NO de Virus) Un misil en mi placard
67%
Patricio Rey y sus Redonditos de Ricota (NO de Sumo) Preso en mi ciudad
66%
CHARLY GARCÍA (NO de Spinetta) Canción de Alicia en el País
64%
CHARLY GARCÍA (NO de Spinetta) El fantasma de Cantervillle
58%
CHARLY GARCÍA (NO de Spinetta) Eiti Leda
57%
Patricio Rey y sus Redonditos de Ricota (NO de Sumo) Superlógico
51%
Patricio Rey y sus Redonditos de Ricota (NO de Sumo) Criminal Mambo
46%
CHARLY GARCÍA (NO de Spinetta) Fabricante de mentiras
40%
SODA STEREO (NO de Virus) Dietético
39%
SODA STEREO (NO de Virus) Danza rota
35%
CHARLY GARCÍA (NO de Spinetta) Por probar el vino y el agua salada
33%
No se encontraron pruebas coincidentes
Distribución de puntuación
Porcentaje de gente con cada puntuación
Porcentaje por número respondido
Historial de tus puntuaciones
No has intentado esta prueba.